OSMANLI TARİH DEYİMLERİ VE TERİMLERİ SÖZLÜĞÜ 2 (Kayıt no. 1202226)

MARC ayrıntıları
000 -LEADER
sabit uzunluktaki kontrol alanı 00299nam a2200097Ia 4500
001 - KONTROL NUMARASI
kontrol alanı 1202226
005 - EN SON İŞLEMİN TARİH VE ZAMANI
kontrol alanı 20250827022646.0
008 - SABİT-UZUNLUKTA VERİ ÖĞELERİ--GENEL BİLGİ
sabit uzunluktaki kontrol alanı 250824s9999 xx 000 0 und d
245 #0 - ESER / YAZAR
ESER ADI OSMANLI TARİH DEYİMLERİ VE TERİMLERİ SÖZLÜĞÜ 2
Yazar Adı KOMİSYON
260 ## - YAYIN, DAĞITIM, VB.
YAYIN EVİ MİLLİ EĞİTİM BAKANLIĞI YAYINLARI
Mevcut
Düşüm durumu Kayıp durumu Hasar Durumu Ödünç verilmez Ana kütüphane Geçerli Kütüphane Edinilen tarih Toplam ödünç verme sayısı Barkod Son görüntüleme tarihi Fiyatın geçerli olmaya başladığı tarih Koha materyal türü
        MAHMUT SAMİ RAZAMANOĞLU KIZ İMAM HATİP LİSESİ MAHMUT SAMİ RAZAMANOĞLU KIZ İMAM HATİP LİSESİ 24.08.2025   11005540 27.08.2025 27.08.2025 Kitaplar
Gemini Bilgi Teknolojileri A.Ş. tarafından düzenlenmiştir.